[Event "Sinquefield Cup 5th"]
[Site "Saint Louis"]
[Date "2017.08.09"]
[Round "7"]
[White "Nakamura, Hikaru"]
[Black "Aronian, Levon"]
[Result "0-1"]
[WhiteElo "2792"]
[BlackElo "2809"]
[Annotator "Roiz,M"]
[PlyCount "108"]
[EventDate "2017.08.02"]
[EventType "tourn"]
[EventRounds "9"]
[EventCountry "USA"]
[EventCategory "22"]
[SourceTitle "CBM 180"]
[Source "ChessBase"]
[SourceDate "2017.09.13"]
[SourceVersion "1"]
[SourceVersionDate "2017.09.13"]
[SourceQuality "1"]

1. c4 Nf6 2. Nc3 e5 3. Nf3 Nc6 4. g3 Bb4 5. Bg2 O-O 6. O-O e4 7. Ng5 Bxc3 8.
bxc3 Re8 9. f3 e3 {The players have entered into one of the most complicated
lines of the English.} 10. d3 {Keeping the pawn structure flexible, even
though the presence of Pe3 in White's camp is not to everyone's taste.} (10.
dxe3 Qe7 11. Nh3 Qc5 12. Nf4 Qxc4 13. e4 d6 14. Qd3 Ne5 15. Qxc4 Nxc4 {
Kasparov,G - Sadvakasov,D Astana KAZ 2001, Black was OK.}) 10... d5 11. Qa4 ({
The most popular alternative -} 11. Qb3 Na5 12. Qa3 c6 (12... b6 $5 13. cxd5
Nxd5 14. f4 Bb7 {looks very interesting, but was never tried.}) 13. cxd5 cxd5
14. f4 Bg4 15. Nf3 {seems promising for White, at least according to
statistics.}) 11... h6 12. cxd5 Nxd5 13. Ne4 f5 14. Nc5 f4 15. Ne4 $146 {
GM Nakamura comes up with a natural novelty - the knight is perfectly placed
in the centre.} (15. Bb2 {The only preceding game was played in the Candidates
tournament, where both players played their part too:} Rb8 16. c4 $6 (16. Ne4
$142 b5 17. Qc2 $13) 16... Nde7 17. g4 b6 18. Ne4 Be6 $15 {Svidler,P -
Karjakin,S Moscow RUS 2016}) 15... Rb8 (15... Re6 $6 {is premature:} 16. Kh1 $1
Rg6 17. Rg1 fxg3 18. Nxg3 Kh8 19. f4 {, and the lack of harmony in Black's
camp starts to tell.}) 16. Qa3 {This move looks like a definite concession.} (
16. Rb1 {isn't effective, since after} Re6 17. Kh1 fxg3 {White cannot
recapture with Ne4, whereas} 18. hxg3 Rg6 19. Kh2 b6 {leads to very unbalanced
play.}) (16. Kh1 b5 17. Qd1 fxg3 18. Nxg3 Qf6 $13) 16... Re6 $1 {The rook is
heading for g6 in order to put White's king under strong pressure.} 17. c4 {
A somewhat risky decision.} ({Now, when White's queen has left the 4th rank,} 
17. Kh1 {is well met by} fxg3 $1 18. Nxg3 (18. hxg3 $2 Rg6 19. f4 Nce7 $40)
18... Nf4 19. Rg1 Kh8 20. Bf1 Re5 $132 {the strong Nf4 provides Black with 
decent counterplay. However, it would be a better practical choice.}) 17...
Nde7 18. Bb2 Nf5 {Once Black spots one of his knights on d4, he would be
firmly in a control.} 19. d4 $1 {This pawn sacrifice is forced from a
strategic point of view - White's major pieces need open files!} (19. gxf4 $6 {
is dubious:} Ncd4 {, and Black's pieces are dominating over the board. The
play might continue:} 20. Rfe1 Ra6 $1 21. Qc5 (21. Qc3 Qh4 $17) 21... b6 22.
Qe5 Ra5 23. c5 bxc5 24. Bxd4 Nxd4 $17) 19... Ncxd4 20. Bxd4 Nxd4 21. Qxa7 ({
In case of} 21. Rad1 $2 Nxe2+ ({Also good enough is} 21... b6 $5 22. Qd3 c5 23.
gxf4 Qh4 24. Qxe3 Bb7 $17) 22. Kh1 Qe8 23. Qd3 Nd4 $1 24. Qxd4 e2 25. Qxa7 Rxe4
26. fxe4 Bg4 27. Rc1 exf1=Q+ 28. Rxf1 fxg3 29. hxg3 c6 $17 {at the end of
complications White would suffer from a terrible pawn structure.}) 21... Nc6 ({
Levon is deviating from the more complicated line:} 21... Nxe2+ 22. Kh1 Bd7 23.
Rfe1 Ra8 24. Qc5 b6 25. Qd5 c6 26. Qd3 Rxe4 $1 27. Qxe4 (27. fxe4 $2 Bg4 28.
Qxd8+ Rxd8 29. gxf4 Rd2 $17) 27... Qf6 28. c5 b5 29. Qd3 Nd4 30. Rad1 $13 {
, and White manages to keep the dynamic balance.}) 22. Qa3 Qf8 (22... g5 23.
Rfd1 Qe7 24. Qxe7 Rxe7 25. h4 $1 Be6 26. Nf6+ Kh8 27. Nd5 Rf7 28. Kh2 $1 {
White would be able to solve the problem of the poor Bg2.}) 23. Qxf8+ Kxf8 {
The subsequent endgame is strategically dangerous for White, who's bishop is
completely out of play now.} 24. Rfd1 ({White's task would be easier after} 24.
gxf4 Nd4 25. Ng3 c5 (25... Ra8 26. Rfd1 Rd6 27. a4 Be6 28. c5 Rdd8 29. Bf1 $11)
26. Rfd1 Rf6 27. a4 $1 Bf5 28. Ra3 Re8 29. Rc1 $11 {, and Black's pieces are
tied with protecting the Pe3.}) 24... g5 25. Nc3 $1 {An excellent idea - the
knight is heading on d5 now, where it would attack the opponent's weak pawns.}
(25. h4 Rg6 26. Kh2 Be6 27. Nc5 b6 28. Nxe6+ Rxe6 29. Rd7 Re7 $15) 25... Re7
26. Nd5 Rf7 27. h4 $1 {White has to liberate the bishop as soon as it possible.
} Ra8 28. a4 Na5 29. gxf4 $2 {This natural exchange turns out to be a serious
mistake.} ({Instead, the precise} 29. Rab1 $1 {would enable White to hold this
unpleasant endgame:} Bf5 ({Both after} 29... Be6 30. Kh2 fxg3+ 31. Kxg3 gxh4+
32. Kh2 Nxc4 33. Rxb7 c6 34. Nc7 Bd5 35. f4 $1 $11) ({Or} 29... Nxc4 30. Rb4 c6
31. Nxf4 gxf4 32. Rxc4 Be6 33. Re4 Bd5 34. Rb4 fxg3 35. f4 $11 {White is in
time to activate the light-squared bishop.}) 30. Rb4 Nc6 31. Rb2 Be6 32. hxg5
hxg5 33. Rxb7 Rxa4 34. gxf4 gxf4 35. Rxc7 Rxc4 36. Rxf7+ Kxf7 37. Nxf4 Rxf4 38.
Rd3 $11) 29... gxf4 30. Kh2 ({In comparison to above-mentioned note,} 30. Rab1
Nxc4 31. Rb4 c6 {leaves White without compensation for a pawn:} 32. Nc7 (32.
Rxc4 cxd5 33. Rb4 Ra5 34. Rdd4 Ke7 35. Rxf4 Rxf4 36. Rxf4 Bd7 37. Rd4 Kd6 38.
f4 Bc6 $19) 32... Rxc7 33. Rxc4 Rf7 34. Rd6 Kg7 $17) 30... Nxc4 $17 31. Rac1 (
31. Bh3 Bxh3 32. Kxh3 Nd2 33. a5 c6 34. Nb6 Rd8 35. Ra4 $17) 31... Nd2 32. Nxc7
$2 {A decisive mistake. White cannot afford to remove his best piece from the
centre.} ({He had tp play} 32. Bh3 Bxh3 33. Kxh3 c6 34. Nc3 $17 {, intending
to put the rooks on the g-file. Black is a pawn up, but it wouldn't be easy to
convert it to a full point.}) 32... Rxa4 33. Bh3 Nxf3+ $1 {Levon is exploiting
the lack of harmony in the opponent's camp. This nice tactical shot decides
the game. The next few moves are forced.} 34. exf3 Ra2+ 35. Bg2 Rg7 36. Rg1 Rg3
37. Kh1 Bh3 {A funny situation - the bishop is trapped.} 38. Bf1 e2 $19 {
Regaining the piece.} 39. Bxe2 Rxe2 40. Nd5 Rxf3 ({A simpler way was} 40...
Bg2+ 41. Rxg2 Rexg2 42. Nxf4 Ra2 $19) 41. Rg6 Re6 42. Rcg1 (42. Rxe6 {was more
stubborn:} Bxe6 43. Rc5 Rh3+ 44. Kg2 Rxh4 45. Kf3 {, but} Rh3+ $1 (45... Rh5 $2
46. Nxf4 Rxc5 47. Nxe6+ Ke7 48. Nxc5 $11) 46. Kxf4 Rh5 $19 {still makes it
quite easy for Black.}) 42... Rxg6 43. Rxg6 Bd7 $1 44. Kg2 Rg3+ 45. Rxg3 fxg3
46. Kxg3 Kf7 {Despite the major simplifications, Black easily wins here.} 47.
Kf4 Ke6 48. Nb4 Be8 49. Nd3 Kd5 50. Nf2 Bd7 51. Ke3 Ke5 52. Ne4 Bc6 53. Ng3 Bd5
54. Kd3 Kf4 {The second pawn falls.} 0-1

[Event "Geneva FIDE GP"]
[Site "Geneva"]
[Date "2017.07.12"]
[Round "6"]
[White "Aronian, Levon"]
[Black "Harikrishna, Pentala"]
[Result "0-1"]
[WhiteElo "2809"]
[BlackElo "2737"]
[Annotator "Roiz,M"]
[PlyCount "76"]
[EventDate "2017.07.06"]
[EventType "swiss"]
[EventRounds "9"]
[EventCountry "SUI"]
[SourceTitle "CBM 180"]
[Source "ChessBase"]
[SourceDate "2017.09.13"]
[SourceVersion "1"]
[SourceVersionDate "2017.09.13"]
[SourceQuality "1"]

1. c4 e5 2. Nc3 Nf6 3. Nf3 Nc6 4. g3 d5 5. cxd5 Nxd5 6. Bg2 Nb6 7. O-O Be7 8.
d3 O-O 9. Be3 Be6 10. Rc1 f5 {This is one of most ambitious ways of handling
the position - Black is aiming to prove that White's dark-squared bishop is
somewhat vulnerable.} ({Another common continuation -} 10... Nd5 {had been
seen in the practice of both players previously:} 11. Nxd5 Bxd5 12. Qa4 (12.
Nd2 $2 Bxg2 13. Kxg2 Qd5+ 14. Kg1 Qxa2 $17 {Nakamura,H (2787)-Harikrishna,P 
(2763) chess.com INT 2016}) 12... Re8 13. Rfd1 a6 14. a3 Bf6 15. Nd2 Bxg2 16.
Kxg2 Nd4 17. Bxd4 exd4 18. Ne4 c6 $11 {1/2 (46) Aronian,L (2784)-Topalov,V 
(2754) Stavanger NOR 2016}) 11. a3 Kh8 {This prophylactic move can be
automatically made in various English positions (reversed Sicilian!).} ({
The aggressive} 11... f4 {exposes the key e4-spot, and that might invite
trouble. For instance,} 12. Bd2 Qd7 13. Ne4 Rf5 14. b4 fxg3 15. Nxg3 Rff8 16.
b5 $16 {1-0 (31) Wang Yue (2723)-Mamedyarov,S (2757) Beijing CHN 2013}) ({
The following game also illustrates well how effective White's initiative on
the q-side might be:} 11... Bf6 12. Nd2 Kh8 13. b4 Rb8 14. Bc5 Ne7 15. b5 $36 {
1-0 (43) Kamsky,G (2741)-Svidler,P (2769) Thessaloniki GRE 2013}) 12. b4 a6 13.
Re1 $146 {This move looks somewhat mysterious, but its main idea was justified
in the game!} ({The previously played} 13. Bc5 Bg8 14. e3 Bxc5 15. bxc5 Nd5 16.
Qd2 Qe7 17. Ne2 Rab8 18. Nh4 Qf6 $132 {Caruana,F (2791) - Giri,A (2752)
Stavanger NOR 2014 led to a balanced play.}) 13... Qe8 {Pentala is intending
to place his queen on the kingside, so White's king might be under some
pressure.} ({Another possibility was} 13... Nd5 $5 14. Nxd5 Bxd5 15. Bc5 Bd6
16. e4 (16. Qc2 f4 17. Nd2 Bxg2 18. Kxg2 Qd7 $132) 16... fxe4 17. dxe4 Be6 $11)
14. Qd2 Bd6 $6 {This natural move locks the d-file and allows White to seize
the initiative.} ({More to the point was} 14... Rd8 15. Bxb6 cxb6 16. Qe3 Bf6
17. Qxb6 Qe7 18. Qe3 Bg8 $44 {and Black's bishops provide decent compensation
for a pawn.}) 15. Bxb6 $1 cxb6 16. d4 {Levon doesn't miss the chance! Now
Black has serious problems to solve.} exd4 $6 ({In the following short line
White benefits from having the rook on the e-file:} 16... e4 17. d5 $1 exf3 18.
exf3 {and Black's position collapses.}) ({The same can be said about} 16... Rd8
17. d5 Bb8 18. e4 fxe4 19. Rxe4 Bf5 20. Re3 Bg4 $14 {even though here White's
advantage isn't that big. Indeed, it was the lesser evil!}) 17. Nxd4 Rd8 (17...
Be5 {was hardly any better:} 18. Nxc6 bxc6 19. Qe3 Bc7 20. Nd5 Bxd5 21. Qxe8
Raxe8 22. Bxd5 $16 {- Even though there are bishops of different colours, the
endgame is very difficult for Black.}) 18. Nxe6 Qxe6 19. Qa2 Qh6 {Pentala is
aiming to complicate matters.} ({The alternative -} 19... Qxa2 20. Nxa2 Rc8 21.
Red1 Rfd8 22. e3 {would lead to an unpleasant endgame, where White's
light-squared bishop is extremely powerful.}) 20. f4 $2 {Luckily for GM
Harikrishna, Levon loses all sense of danger...} ({Instead, the natural} 20. e3
$1 g5 21. Nd5 b5 22. f4 gxf4 23. Nxf4 $16 {would secure White a big positional
advantage.}) 20... a5 21. b5 Bc5+ {That's the point! The vulnerablity of the
dark squares in White's camp starts to tell now.} 22. e3 $2 {Alas, Levon fails
to cope with a sudden change of course!} ({He had to play} 22. Kh1 Bf2 23. bxc6
Bxg3 24. h3 Bxe1 ({Perhaps, a stronger try is} 24... bxc6 25. Red1 Bxf4 26. e3
Bxe3 27. Rxd8 Rxd8 {obtaining 4 pawns for a piece. However, even in this event
after} 28. Rd1 Rxd1+ 29. Nxd1 Bc5 30. Qf7 {White is OK}) 25. c7 $1 Rc8 26. Rxe1
Rxc7 27. Nd5 {White would be able to maintain the balance, at the least.})
22... Ne5 $1 {Now Black has too many threats!} 23. Rcd1 (23. Nd5 Nd3 24. Rcd1
Nxe1 25. Rxe1 Rd6 $19) 23... Ng4 24. h3 Nxe3 ({There was the even simpler} 
24... Bxe3+ 25. Kf1 Nh2+ 26. Ke2 Bxf4 $1 27. gxf4 (27. Rxd8 Rxd8 28. gxf4 Qh5+
29. Ke3 Qh4 $19) 27... Rfe8+ 28. Kf2 Qh4+ $19) 25. Rxd8 Rxd8 26. Kh2 g5 {
This aggressive choice makes Black's task tougher.} (26... Qd6 27. Qe2 Nxg2 28.
Qxg2 (28. Kxg2 Bxa3 29. Rd1 Qe7 $19) 28... Bxa3 29. Rd1 Qe7 30. Rxd8+ Qxd8 31.
Qxb7 g6 $19) 27. fxg5 Qxg5 28. Qe6 ({A more stubborn try was} 28. Nd5 Nxd5 29.
Bxd5 f4 30. Qa1+ Qg7 31. Qxg7+ Kxg7 32. Rd1 fxg3+ 33. Kxg3 Bxa3 {- the
resulting edngame is winning for Black, but the task is still not trivial.})
28... f4 29. Ne4 Qg7 30. g4 Nc2 {This move doesn't spoil anything,} ({but
White would immediately resign after} 30... Nxg2 31. Kxg2 Qb2+ 32. Kh1 f3 $19)
31. Rf1 Nd4 32. Qf6 Qxf6 33. Nxf6 Bxa3 34. Bxb7 Bd6 {Eventually the a-passer
easily decides the game.} 35. h4 a4 36. g5 a3 37. Kh3 Be5 38. Kg4 Nc2 0-1

[Event "Shenzhen Du Te Cup 3rd"]
[Site "Shenzhen"]
[Date "2019.04.27"]
[Round "10"]
[White "Ding, Liren"]
[Black "Harikrishna, Pentala"]
[Result "1-0"]
[WhiteElo "2809"]
[BlackElo "2723"]
[Annotator "Sagar Shah"]
[PlyCount "144"]
[EventDate "2019.04.17"]
[EventType "tourn"]
[EventRounds "10"]
[EventCountry "CHN"]
[EventCategory "21"]
[SourceTitle "CBM 190"]
[Source "ChessBase"]
[SourceDate "2019.06.30"]
[SourceVersion "1"]
[SourceVersionDate "2019.06.30"]
[SourceQuality "1"]

{[%evp 0,144,20,-9,-9,3,-24,-15,-26,-22,-26,-33,-20,-22,-6,0,-3,2,0,0,6,7,49,2,
21,18,3,0,9,-10,0,16,19,-1,17,6,12,7,33,32,24,13,41,3,12,9,11,12,8,12,10,12,31,
13,29,24,29,18,10,17,13,7,23,29,47,32,32,30,38,33,37,37,48,47,48,49,49,49,47,
48,33,35,22,49,81,62,63,64,84,91,106,114,102,102,169,122,160,180,225,223,222,
223,209,190,170,170,198,178,161,139,132,128,128,143,119,80,65,54,52,14,144,144,
144,197,249,229,263,253,248,188,279,279,272,252,261,272,272,250,283,339,375,
397,447,634,782,910,909]} 1. c4 Nf6 2. Nc3 e5 3. Nf3 Nc6 4. g3 d5 5. cxd5 Nxd5
6. Bg2 Nb6 7. O-O Be7 8. d3 O-O 9. Be3 Re8 10. Rc1 Bf8 11. Bg5 f6 12. Be3 Be6
13. Nd2 Qd7 14. Nb3 Bh3 15. Bxh3 Qxh3 16. Bc5 (16. Ne4 Nd5 $13) 16... Bd6 $1 {
If White takes on d6, then the c5 square is no longer weak.} 17. e3 Rad8 18.
Qf3 Nd7 (18... Qd7 $11) 19. Bxd6 cxd6 {White has a small edge here, but
Harikrishna manages to equalize quite easily.} 20. Nd5 Nb6 21. Nd2 $6 (21. Nxb6
axb6 22. Qd5+ Qe6 23. Qb5 $14 {would put Black under some serious pressure.})
21... Nxd5 22. Qxd5+ Qe6 23. Qxe6+ Rxe6 {Black has no reason to be worse here.}
24. a3 Ree8 25. Rc2 d5 26. Nb3 Rd6 27. Rfc1 Kf7 28. Nc5 Nd8 29. b4 Re7 30. Kf1
Ne6 (30... g5 {followed by kingside space grab should give Black an equal
position.}) 31. a4 Ng5 32. b5 e4 33. d4 Nf3 34. h3 f5 35. Nb3 b6 36. Nd2 Ng5
37. h4 Ne6 38. Nb1 h6 39. Nc3 g5 40. hxg5 hxg5 41. Na2 f4 42. Nb4 Kf6 43. Rc8 {
Black has overextended his position and White has made his inroads with his
rook. The knight is also looking at the juicy c6 square.} Kf5 44. Rh8 Rf7 45.
Ke2 f3+ 46. Kd2 Nf8 47. Rc8 (47. Rc6 $1 $18) 47... Ng6 48. Rh6 Ne7 49. Rxd6
Nxc8 50. Rxd5+ Kg4 51. Nc6 (51. Rd8 $1 {Would have finished off the game.} Rc7
52. Nd5 Rc4 53. Nc3 $18) 51... Kh3 52. Ne5 Rf6 53. Rd8 Nd6 54. Kc3 Nf5 55. Rh8+
Kg2 56. Ng4 Rf7 57. Rh2+ Kg1 {The activity of the black king has magically
saved the game for Hari.} 58. Kc4 Rd7 59. Rh5 Rd6 $6 (59... Nxe3+ $1 60. fxe3
f2 61. Nxf2 Kxf2 62. d5 (62. Rxg5 Kxe3 $19) 62... Kxe3 $11) 60. d5 Rg6 (60...
Rd7 $11) 61. Rh7 Rd6 62. a5 bxa5 63. Rxa7 Nh6 64. Kc5 $1 Rd8 65. Nxh6 Kxf2 66.
Nf5 Kg2 67. Rxa5 f2 68. Ra2 Kf3 69. Rxf2+ Kxf2 70. b6 Rb8 71. d6 Kf3 72. d7 Rf8
1-0